000 00943nam0a22002411i 4500
001 rc\4351082
005 20240724151549.0
021 _aRU
_b[68-49258]
035 _a(NLR Aleph) 008278712
090 _a8502784
_c8502784
100 _a20130416d1967 |||y0rusy50 ca
101 0 _arus
102 _aRU
105 _ay d |||||
200 1 _aИсследования в области современной молдавской топонимии
_e(Названия насел. пунктов)
_eАвтореферат дис. на соискание учен. степени канд. филол. наук
_fКишиневский гос. ун-т
210 _aКишинев
_d1967
215 _a20 с.
320 _aСписок работ авт.: с. 19-20 (16 назв.)
700 1 _aЕремия
_bА.И.
_gАнатолий Ильич
801 0 _aRU
_bNLR
_gpsbo
801 1 _aRU
_bELAR
_2rusmarc
852 _aNLR
_j71-4/22986
942 _cBOOK